| Registos Bibliográficos associados ao registo de autoridade |
|
Etiqueta de registo: 00254nam 2200025 450 001 2275048 003 http://id.bnportugal.gov.pt/bib/catbnp/2275048 010 ## $a978-989-53129-9-3 021 ## $aPT$b536238/24 100 ## $a20260303d2024 c d0pory01030103ba 101 0# $apor 102 ## $aPT 105 ## $aa z 000fy 106 ## $ar 200 1# $a O avô dos falcões em Salvaterra de Magos nos anos de 1800$fCristina Norton$gil. Marta Ferreira 205 ## $a1ª ed 210 #9 $aSalvaterra de Magos$cCâmara Municipal de Salvaterra de Magos,$d2024 215 ## $a46 p.$cil.$d23 cm 675 ## $a087.5$vBN$zpor$3287999 675 ## $a821.134.3-93"19/20"$vBN$zpor$31119478 700 #1 $aNorton,$bCristina,$f1948-$3278448 701 #1 $aFerreira,$bMarta,$f1978-$4440$31988594 801 #0 $aPT$bBN$gRPC 856 41 $uhttp://rnod.bnportugal.gov.pt/ImagesBN/winlibimg.aspx?skey=&doc=2275048&img=221078&save=true 900 ## $aBIBNAC$d20260410 966 ## $lBN$mFGMON$sP. 72497 V.$x1 966 ## $lBN$mFGMON$sP. 72497 V.-D$x1 971 ## $cssilva$d20260303 972 ## $e0$z0$d20260410$vasantos 973 ## $cmlsousa$d20260407 975 ## $e0$d20260413$viquintas
|
|
|